| 000 | 01073nam a2200301 i 4500 | ||
|---|---|---|---|
| 003 | DO-SdBNP | ||
| 005 | 20260321073645.0 | ||
| 006 | a||||gr|||| 00| 0 | ||
| 007 | ta | ||
| 008 | 230426e2012 dr ac||gr|||| 001 edspa d | ||
| 020 | _a9789945492071 | ||
| 040 |
_aDO-SdBNP _bspa _cBNBPHU _erda |
||
| 082 | 4 |
_222 _bE77d |
|
| 100 | 1 |
_946125 _aEspinal, Andrés Julio, _d1903- |
|
| 245 |
_aDocumentos para la historia política dominicana. / _cAndrés Julio Espinal, Juan Bosch; León Feliz Batista, edeición |
||
| 264 | 3 | 2 |
_aSanto Domingo : _bNacional, _c2012 |
| 300 |
_a51 páginas : _bIlustraciones, retratos ; _c22 c.m. |
||
| 336 |
_2rdaconten _atexto _btxt |
||
| 337 |
_2rdamedia _asin medición _bn |
||
| 338 |
_2rdacarrier _avolumen _bnc |
||
| 490 | 1 | _aColección Especial | |
| 490 | 1 | _a30 de Mayo: Puerta a la Libertad | |
| 500 | _aIncluye datos biográficos de los autores en las solapas de las cubiertas. | ||
| 590 | _aInventariado 2023 / MF | ||
| 700 | 1 |
_a Bosch, Juan, _d1909-2001 _976555 |
|
| 700 | 1 |
_937954 _aFéliz Batista, León _eedición |
|
| 942 |
_2ddc _cLBS1 |
||
| 999 |
_c53359 _d53359 |
||